000 00558nam a2200205 i 4500
001 23313
003 ES-MaACL
005 20230906152842.0
007 t|
008 021210s1958 sp ||||1| spa d
100 1 _aAlvarez, Lilí.
_920657
245 1 0 _aEn tierra extraña /
_cLilí Alvarez.
250 _a4ª ed.
260 _aMadrid :
_bTaurus,
_c[1958] (
_fNuevas Gráficas)
300 _a331 p. ;
_c21 cm.
490 1 _aEnsayistas de hoy
830 0 _aEnsayistas de hoy
_9180849
852 _aES-MaACL
_jC-17474
_bR.45370
999 _c23313
_d23313